| Tag |
First Indicator |
Second Indicator |
Subfields |
| LEADER |
00000cam a2200000 a 4500 |
| 001 |
in00000028956 |
| 005 |
20151007054747.0 |
| 008 |
871113s1988 dcua b 00110 eng |
| 010 |
|
|
|a 87033015
|
| 020 |
|
|
|a 0871874431 :
|c $16.95
|
| 020 |
|
|
|a 0871874326 (pbk.) :
|c $9.95
|
| 035 |
|
|
|a (OCoLC)17227846
|
| 035 |
|
|
|9 AAB6138AM
|
| 040 |
|
|
|a DLC
|c DLC
|d TXA
|d UtOrBLW
|
| 043 |
|
|
|a n-us---
|
| 049 |
|
|
|a TXAM
|c [A11060874]
|
| 050 |
0 |
0 |
|a JK516
|b .K46 1988
|
| 082 |
0 |
|
|a 353.03/1
|2 19
|
| 100 |
1 |
|
|a King, Gary.
|
| 245 |
1 |
4 |
|a The elusive executive :
|b discovering statistical patterns in the presidency /
|c Gary King and Lyn Ragsdale.
|
| 264 |
|
1 |
|a Washington, D.C. :
|b CQ Press,
|c [1988]
|
| 264 |
|
4 |
|c ©1988
|
| 300 |
|
|
|a xix, 526 pages :
|b illustrations ;
|c 24 cm.
|
| 336 |
|
|
|a text
|b txt
|2 rdacontent
|
| 337 |
|
|
|a unmediated
|b n
|2 rdamedia
|
| 338 |
|
|
|a volume
|b nc
|2 rdacarrier
|
| 504 |
|
|
|a Bibliography: pages 503-516.
|
| 500 |
|
|
|a Includes index.
|
| 650 |
|
0 |
|a Presidents
|z United States.
|
| 700 |
1 |
|
|a Ragsdale, Lyn,
|d 1954-
|
| 999 |
|
|
|a MARS
|
| 999 |
f |
f |
|s 1f1e2a26-89f0-36c6-9c22-8ee206d703f7
|i 291c8591-1933-3a9e-9cba-28fb84142a08
|t 0
|
| 952 |
f |
f |
|p ric
|a Texas A&M University
|b Rellis Campus
|c Joint Library Facility
|d Remote Storage
|t 0
|e JK516 .K46 1988
|h Library of Congress classification
|i unmediated -- volume
|m A14811060874
|
| 998 |
f |
f |
|a JK516 .K46 1988
|t 0
|l Remote Storage
|